| 000 | 00434nam a2200109Ia 4500 | ||
|---|---|---|---|
| 008 | 160909s9999 xx 000 0 und d | ||
| 100 | _aIsidoro, Francisco. | ||
| 245 | _aHelping youth in care graduate from high school with resources for foster parents and kinship caregivers: A grant proposal | ||
| 260 |
_bCalifornia State University _c2016 |
||
| 650 | _aEDUC/SPED | ||
| 856 | _uhttp://pqdtopen.proquest.com/doc/1780636326.html?FMT=ABS | ||
| 999 |
_c305042 _d305042 |
||